<?xml version="1.0" encoding="UTF-8"?>
<record
    xmlns:xsi="http://www.w3.org/2001/XMLSchema-instance"
    xsi:schemaLocation="http://www.loc.gov/MARC21/slim http://www.loc.gov/standards/marcxml/schema/MARC21slim.xsd"
    xmlns="http://www.loc.gov/MARC21/slim">

  <leader>02697nam0a2200385 i 4500</leader>
  <controlfield tag="001">RU\NLR\BIBL_A\010707133</controlfield>
  <controlfield tag="005">20241105182721.0</controlfield>
  <datafield tag="021" ind1=" " ind2=" ">
    <subfield code="a">RU</subfield>
    <subfield code="b">2015-7938</subfield>
    <subfield code="9">497</subfield>
  </datafield>
  <datafield tag="035" ind1=" " ind2=" ">
    <subfield code="a">(NILC)RuMoRGB-007863826</subfield>
  </datafield>
  <datafield tag="035" ind1=" " ind2=" ">
    <subfield code="a">(NLR Aleph) 010707133</subfield>
  </datafield>
  <datafield tag="090" ind1=" " ind2=" ">
    <subfield code="a">9751098</subfield>
    <subfield code="c">9751098</subfield>
  </datafield>
  <datafield tag="100" ind1=" " ind2=" ">
    <subfield code="a">20150326d2014    um y0rusy50      ca</subfield>
  </datafield>
  <datafield tag="101" ind1="1" ind2=" ">
    <subfield code="a">rus</subfield>
    <subfield code="c">und</subfield>
  </datafield>
  <datafield tag="102" ind1=" " ind2=" ">
    <subfield code="a">RU</subfield>
  </datafield>
  <datafield tag="105" ind1=" " ind2=" ">
    <subfield code="a">a|||z|||000ay</subfield>
  </datafield>
  <datafield tag="200" ind1="1" ind2=" ">
    <subfield code="a">&#x41B;&#x438;&#x442;&#x435;&#x440;&#x430;&#x442;&#x443;&#x440;&#x43D;&#x44B;&#x435; &#x448;&#x435;&#x434;&#x435;&#x432;&#x440;&#x44B; &#x421;&#x440;&#x435;&#x434;&#x43D;&#x438;&#x445; &#x432;&#x435;&#x43A;&#x43E;&#x432;</subfield>
    <subfield code="e">[&#x441;&#x431;&#x43E;&#x440;&#x43D;&#x438;&#x43A;</subfield>
    <subfield code="f">&#x441;&#x43E;&#x441;&#x442;.: &#x42E;.&#x418;. &#x413;&#x443;&#x431;&#x430;&#x442;&#x43E;&#x432;</subfield>
    <subfield code="g">&#x43F;&#x435;&#x440;. &#x41D;.&#x412;. &#x417;&#x430;&#x431;&#x430;&#x431;&#x443;&#x440;&#x43E;&#x432;&#x43E;&#x439;]</subfield>
  </datafield>
  <datafield tag="210" ind1=" " ind2=" ">
    <subfield code="a">&#x420;&#x43E;&#x441;&#x442;&#x43E;&#x432;-&#x43D;&#x430;-&#x414;&#x43E;&#x43D;&#x443;</subfield>
    <subfield code="c">&#x414;&#x43E;&#x43D;&#x441;&#x43A;&#x43E;&#x439; &#x438;&#x437;&#x434;&#x430;&#x442;&#x435;&#x43B;&#x44C;&#x441;&#x43A;&#x438;&#x439; &#x434;&#x43E;&#x43C;</subfield>
    <subfield code="d">2014</subfield>
  </datafield>
  <datafield tag="215" ind1=" " ind2=" ">
    <subfield code="a">1071 &#x441;.</subfield>
    <subfield code="c">&#x438;&#x43B;.</subfield>
    <subfield code="d">21</subfield>
  </datafield>
  <datafield tag="327" ind1="1" ind2=" ">
    <subfield code="a">&#x421;&#x43E;&#x434;&#x435;&#x440;&#x436;.: &#x420;&#x43E;&#x43C;&#x430;&#x43D; &#x438; &#x420;&#x43E;&#x437;&#x435; / &#x413;&#x438;&#x43B;&#x44C;&#x43E;&#x43C; &#x434;&#x435; &#x41B;&#x43E;&#x440;&#x440;&#x438;&#x441;, &#x416;&#x430;&#x43D; &#x434;&#x435; &#x41C;&#x435;&#x43D;. &#x41B;&#x430;&#x43D;&#x441;&#x435;&#x43B;&#x43E;&#x442;, &#x438;&#x43B;&#x438; &#x420;&#x44B;&#x446;&#x430;&#x440;&#x44C; &#x442;&#x435;&#x43B;&#x435;&#x433;&#x438;; &#x41F;&#x435;&#x440;&#x441;&#x435;&#x432;&#x430;&#x43B;&#x44C;, &#x438;&#x43B;&#x438; &#x41F;&#x43E;&#x432;&#x435;&#x441;&#x442;&#x44C; &#x43E; &#x413;&#x440;&#x430;&#x430;&#x43B;&#x435;/ &#x41A;&#x440;&#x435;&#x442;&#x44C;&#x435;&#x43D; &#x434;&#x435; &#x422;&#x440;&#x443;&#x430;. &#x41C;&#x430;&#x43B;&#x435;&#x43D;&#x44C;&#x43A;&#x438;&#x439; &#x416;&#x430;&#x43D; &#x434;&#x435; &#x421;&#x435;&#x43D;&#x442;&#x440;&#x435; / &#x410;&#x43D;&#x442;&#x443;&#x430;&#x43D; &#x434;&#x435; &#x41B;&#x430; &#x421;&#x430;&#x43B;&#x44C;</subfield>
  </datafield>
  <datafield tag="464" ind1=" " ind2="0">
    <subfield code="1">2001#$a&#x420;&#x43E;&#x43C;&#x430;&#x43D; &#x43E; &#x420;&#x43E;&#x437;&#x435;$f&#x413;&#x438;&#x43B;&#x44C;&#x43E;&#x43C; &#x434;&#x435; &#x41B;&#x43E;&#x440;&#x440;&#x438;&#x441;, &#x416;&#x430;&#x43D; &#x434;&#x435; &#x41C;&#x435;&#x43D;</subfield>
    <subfield code="1">700#0$a&#x413;&#x438;&#x43B;&#x44C;&#x43E;&#x43C; &#x434;&#x435; &#x41B;&#x43E;&#x440;&#x440;&#x438;&#x441;$f&#x43E;&#x43A;.1210-&#x43E;&#x43A;.1240$3RU\NLR\AUTH\7711832</subfield>
    <subfield code="1">701#0$a&#x416;&#x430;&#x43D; &#x434;&#x435; &#x41C;&#x435;&#x43D;$f&#x43E;&#x43A;.1240-&#x43E;&#x43A;.1305$3RU\NLR\AUTH\7711834</subfield>
    <subfield code="t">&#x420;&#x43E;&#x43C;&#x430;&#x43D; &#x43E; &#x420;&#x43E;&#x437;&#x435;</subfield>
    <subfield code="a">&#x413;&#x438;&#x43B;&#x44C;&#x43E;&#x43C; &#x434;&#x435; &#x41B;&#x43E;&#x440;&#x440;&#x438;&#x441; (&#x43E;&#x43A;.1210-&#x43E;&#x43A;.1240)</subfield>
  </datafield>
  <datafield tag="464" ind1=" " ind2="0">
    <subfield code="1">2001#$a&#x41B;&#x430;&#x43D;&#x441;&#x435;&#x43B;&#x43E;&#x442;, &#x438;&#x43B;&#x438; &#x420;&#x44B;&#x446;&#x430;&#x440;&#x44C; &#x442;&#x435;&#x43B;&#x435;&#x433;&#x438;$a&#x41F;&#x435;&#x440;&#x441;&#x435;&#x432;&#x430;&#x43B;&#x44C;, &#x438;&#x43B;&#x438; &#x41F;&#x43E;&#x432;&#x435;&#x441;&#x442;&#x44C; &#x43E; &#x413;&#x440;&#x430;&#x430;&#x43B;&#x435;$f&#x41A;&#x440;&#x435;&#x442;&#x44C;&#x435;&#x43D; &#x434;&#x435; &#x422;&#x440;&#x443;&#x430;</subfield>
    <subfield code="1">700#0$a&#x41A;&#x440;&#x435;&#x442;&#x44C;&#x435;&#x43D; &#x434;&#x435; &#x422;&#x440;&#x443;&#x430;$f12 &#x432;.$3RU\NLR\AUTH\7743400</subfield>
    <subfield code="t">&#x41F;&#x435;&#x440;&#x441;&#x435;&#x432;&#x430;&#x43B;&#x44C;, &#x438;&#x43B;&#x438; &#x41F;&#x43E;&#x432;&#x435;&#x441;&#x442;&#x44C; &#x43E; &#x413;&#x440;&#x430;&#x430;&#x43B;&#x435;</subfield>
    <subfield code="a">&#x41A;&#x440;&#x435;&#x442;&#x44C;&#x435;&#x43D; &#x434;&#x435; &#x422;&#x440;&#x443;&#x430; (12 &#x432;.)</subfield>
  </datafield>
  <datafield tag="464" ind1=" " ind2="0">
    <subfield code="1">2001#$a&#x41C;&#x430;&#x43B;&#x435;&#x43D;&#x44C;&#x43A;&#x438;&#x439; &#x416;&#x430;&#x43D; &#x434;&#x435; &#x421;&#x435;&#x43D;&#x442;&#x440;&#x435;$f&#x410;&#x43D;&#x442;&#x443;&#x430;&#x43D; &#x434;&#x435; &#x41B;&#x430; &#x421;&#x430;&#x43B;&#x44C;</subfield>
    <subfield code="1">700#0$a&#x41B;&#x430; &#x421;&#x430;&#x43B;&#x44C;$b&#x410;. &#x434;&#x435;$g&#x410;&#x43D;&#x442;&#x443;&#x430;&#x43D; &#x434;&#x435;$f&#x43E;&#x43A;.1385-&#x43E;&#x43A;.1461$3RU\NLR\AUTH\770143868</subfield>
    <subfield code="t">&#x41C;&#x430;&#x43B;&#x435;&#x43D;&#x44C;&#x43A;&#x438;&#x439; &#x416;&#x430;&#x43D; &#x434;&#x435; &#x421;&#x435;&#x43D;&#x442;&#x440;&#x435;</subfield>
    <subfield code="a">&#x41B;&#x430; &#x421;&#x430;&#x43B;&#x44C;, &#x410;&#x43D;&#x442;&#x443;&#x430;&#x43D; &#x434;&#x435; (&#x43E;&#x43A;.1385-&#x43E;&#x43A;.1461)</subfield>
  </datafield>
  <datafield tag="600" ind1=" " ind2="1">
    <subfield code="a">&#x417;&#x430;&#x431;&#x430;&#x431;&#x443;&#x440;&#x43E;&#x432;&#x430;</subfield>
    <subfield code="b">&#x41D;.&#x412;.</subfield>
    <subfield code="f">1944 - 2014</subfield>
    <subfield code="g">&#x41D;&#x438;&#x43D;&#x430; &#x412;&#x43B;&#x430;&#x434;&#x438;&#x43C;&#x438;&#x440;&#x43E;&#x432;&#x43D;&#x430;</subfield>
    <subfield code="9">2229769</subfield>
    <subfield code="3">RU\NLR\AUTH\6601570971</subfield>
  </datafield>
  <datafield tag="606" ind1="1" ind2=" ">
    <subfield code="a">&#x424;&#x440;&#x430;&#x43D;&#x446;&#x443;&#x437;&#x441;&#x43A;&#x430;&#x44F; &#x43B;&#x438;&#x442;&#x435;&#x440;&#x430;&#x442;&#x443;&#x440;&#x430;</subfield>
    <subfield code="z">&#x421;&#x440;&#x435;&#x434;&#x43D;&#x438;&#x435; &#x432;&#x435;&#x43A;&#x430;</subfield>
    <subfield code="9">925655</subfield>
    <subfield code="3">RU\NLR\AUTH\6621329</subfield>
  </datafield>
  <datafield tag="686" ind1="1" ind2=" ">
    <subfield code="a">&#x428;5(4&#x424;&#x440;)42-&#x44F;43</subfield>
  </datafield>
  <datafield tag="686" ind1="1" ind2=" ">
    <subfield code="a">&#x428;1&#x433;(2)7&#x434;&#x417;&#x430;&#x431;&#x430;&#x431;&#x443;&#x440;&#x43E;&#x432;&#x430;</subfield>
  </datafield>
  <datafield tag="702" ind1=" " ind2="1">
    <subfield code="a">&#x413;&#x443;&#x431;&#x430;&#x442;&#x43E;&#x432;</subfield>
    <subfield code="b">&#x42E;. &#x418;.</subfield>
    <subfield code="4">220</subfield>
  </datafield>
  <datafield tag="702" ind1=" " ind2="1">
    <subfield code="a">&#x417;&#x430;&#x431;&#x430;&#x431;&#x443;&#x440;&#x43E;&#x432;&#x430;</subfield>
    <subfield code="b">&#x41D;.&#x412;.</subfield>
    <subfield code="f">1944-2014</subfield>
    <subfield code="g">&#x41D;&#x438;&#x43D;&#x430; &#x412;&#x43B;&#x430;&#x434;&#x438;&#x43C;&#x438;&#x440;&#x43E;&#x432;&#x43D;&#x430;</subfield>
    <subfield code="4">730</subfield>
  </datafield>
  <datafield tag="801" ind1=" " ind2="0">
    <subfield code="a">RU</subfield>
    <subfield code="b">&#x420;&#x413;&#x411;</subfield>
    <subfield code="c">20150115</subfield>
    <subfield code="g">RCR</subfield>
  </datafield>
  <datafield tag="801" ind1=" " ind2="1">
    <subfield code="a">RU</subfield>
    <subfield code="b">&#x420;&#x413;&#x411;</subfield>
    <subfield code="c">20150115</subfield>
    <subfield code="2">rusmarc</subfield>
  </datafield>
  <datafield tag="942" ind1=" " ind2=" ">
    <subfield code="c">BOOK</subfield>
  </datafield>
  <datafield tag="980" ind1=" " ind2=" ">
    <subfield code="a">NBR</subfield>
  </datafield>
</record>
